000 00855nas a2200289 4500
001 BR0904661
003 BR-BrBNA
005 20231205113522.0
007 ta
008 230509b bl.|||p| |||| 00| 00por d
040 _aBR-BrBNA
_bpor
_cBiblioteca Nacional de Agricultura
041 _a(Pt)
072 _aJ11; P40; F01
100 1 _aBrackmann, A.
100 1 _aSteffens, C.A.
100 1 _aAndriolo, J.L.
100 1 _aPinto, J.A.V.
245 1 _aArmazenamento de tomate cultivar "Cronus" em função do estádio de maturação e da temperatura
650 _aTOMATE
650 _aARMAZENAMENTO
650 _aPÓS-COLHEITA
650 _aFRIO
650 _aDANO
773 0 _tCiência Rural (Brazil)
_xISSN 0103-8478
_g(Sep-Oct 2007), v. 37(5) p. 1295-1300
_wBR0904661
909 _a202311
_bLúcia
_c55
_dLúcia Elande
942 _2AGRIS
_n0
_cANA
999 _c204214
_d204214